Malá encyklopédia chémie

Gespeichert in:
Bibliographische Detailangaben
Format: Buch
Sprache:Slowakisch
Veröffentlicht: Bratislava : Obzor, 1981
Ausgabe:3.vyd.
Tags: Tag hinzufügen
Keine Tags, Fügen Sie das erste Tag hinzu!

MARC

LEADER 00000nam a22000003a 4500
001 stu81522
005 20150408175401.5
008 030804s1981----cs------------------slo-d
040 |a STU  |b slo 
041 0 |a slo 
044 |a cs 
080 |a 54(033) 
245 |a Malá encyklopédia chémie 
250 |a 3.vyd. 
260 |a Bratislava :  |b Obzor,  |c 1981 
300 |a 815 s 
996 |b 284V028831  |c V*33602/E-1281a  |l VVT  |s A  |a 24  |w stu81522_0002 
996 |c V*23750/O-9616a  |l VV17  |s P  |a 0  |w stu81522_0005 
996 |c V*23719/O-9590  |l VV15  |s P  |a 0  |w stu81522_0007